[Event "Montreal op"]
[Site "Montreal CAN"]
[Date "2024.09.15"]
[Round "4.2"]
[White "Lawson, Eric"]
[Black "Zheng, Richard"]
[Result "0-1"]
[WhiteElo "2203"]
[BlackElo "2302"]
[PlyCount "248"]
[EventDate "2024.09.13"]
[EventType "swiss"]
[EventRounds "5"]
[EventCountry "CAN"]

1. e4 c6 2. d4 d5 3. e5 Bf5 4. Nf3 e6 5. Be2 c5 6. Be3 Nd7 7. O-O Ne7 8. c4
dxc4 9. Na3 Nd5 10. Nxc4 b5 11. Nd6+ Bxd6 12. exd6 c4 13. a4 a6 14. Ne5 N7b6
15. axb5 axb5 16. Rxa8 Qxa8 17. b3 Qa2 18. Bh5 O-O 19. bxc4 bxc4 20. Qf3 f6 21.
Nc6 Qa3 22. Ne7+ Nxe7 23. dxe7 Qxe7 24. Qc6 Rb8 25. Bf4 Qb7 26. Qd6 Rf8 27. Bf3
Nd5 28. g4 Bg6 29. Qxe6+ Bf7 30. Qf5 Re8 31. h4 Be6 32. Qe4 Qd7 33. Bg3 Nc3 34.
Qe3 Nd5 35. Qe4 Nc3 36. Qe3 Nd5 37. Qe4 Bf7 38. Qc2 Nb4 39. Qc3 Na2 40. Qa5
Qxd4 41. Qxa2 Qd3 42. Bc6 c3 43. Qa4 Rc8 44. Be4 Qe2 45. Qc2 Qxg4 46. Bxh7+ Kh8
47. Bf5 Qf3 48. Qe4 Qxe4 49. Bxe4 c2 50. Rc1 Bb3 51. Kf1 Rd8 52. Ke2 Rd1 53.
Bf4 Bc4+ 54. Kf3 Bb3 55. Bg6 Bd5+ 56. Kg3 Bb3 57. Be3 Ba4 58. h5 Bb3 59. Bf5
Ba4 60. Be6 Kh7 61. Bf7 Kh8 62. Kg4 Bd7+ 63. Kf4 Ba4 64. Bg6 Kg8 65. Kg4 Bd7+
66. Kh4 Ba4 67. h6 Kh8 68. Be4 Kg8 69. Kh5 Be8+ 70. Bg6 Rd5+ 71. Kg4 Bxg6 72.
hxg7 Kxg7 73. Ra1 Rd7 74. Ra5 Rc7 75. Bc1 Rc4+ 76. Kf3 Rc7 77. Kg4 Bd3 78. Kf4
Kf7 79. Rd5 Bg6 80. Rd6 Rc3 81. Rb6 Rc4+ 82. Kg3 Bh5 83. Kh3 Kg6 84. Rb5 Be2
85. Rd5 Kf7 86. Rd6 Rc3+ 87. Kg2 Bf3+ 88. Kg3 Bc6+ 89. Kf4 Ke7 90. Rd2 Ke6 91.
Re2+ Kf7 92. Re3 Rc4+ 93. Kg3 Be4 94. f3 Bf5 95. Kf2 Bg6 96. Ke2 Rh4 97. Rc3
Rh2+ 98. Ke3 Rh1 99. Bd2 Rd1 100. Rc6 Rh1 101. Ke2 Rh2+ 102. Ke3 Ke7 103. Rc7+
Kd6 104. Rc4 Rh1 105. Rc3 Kd5 106. Rc7 Ra1 107. Rc3 Rb1 108. Rc7 Rb3+ 109. Ke2
Bd3+ 110. Kf2 Bc4 111. Rf7 Rb6 112. Rd7+ Kc6 113. Rd4 Kc5 114. Rf4 Rd6 115. Ke1
Re6+ 116. Re4 Rxe4+ 117. fxe4 Kd4 118. Bc1 Kxe4 119. Kf2 Kd3 120. Kf3 Bd5+ 121.
Kf2 Be4 122. Bb2 Kc4 123. Bc1 Kb3 124. Ke3 f5 0-1